Ч. 1; Стандарты Международной организации по стандартизации (ИСО)

Bibliografiske detaljer
Parent link:Стандарты Международной организации по стандартизации (ИСО): каталог/ Федеральное агентство по техническому регулированию и метрологии; Российский научно-технический центр информации по стандартизации, метрологии и оценке соответствия. Ч. 1.— , 2006.— 5-7050-0490-7
Summary:Каталог стандартов ИСО подготовлен на основе информационных ресурсов Федерального информационного фонда технических регламентов и стандартов, комплектование и ведение которого осуществляет Российский научно-технический центр информации по стандартизации, метрологии и оценке соответствия (ФГУП «СТАНДАРТИНФОРМ»). Главной целью издания настоящего Каталога является помощь предприятиям и организациям Российской Федерации и стран-членов Содружества Независимых Государств, заинтересованным в представлении своей продукции на мировом рынке и гармонизации национальной нормативной базы с международными нормами. Каталог стандартов ИСО - это продолжение серии каталогов, выпускаемых ФГУП «СТАНДАРТИНФОРМ», начало которой положил Каталог Директив Европейского Союза. В настоящее время готовятся к изданию Каталог стандартов Международной электротехнической комиссии (МЭК), Каталог стандартов Немецкого института стандартов (ДИН) и другие информационные издания. Издание предназначено для представителей научно-технической общественности, разработчиков проектов технических регламентов и национальных стандартов, специалистов в сфере технического регулирования и метрологии, производителей и потребителей продукции и услуг.
Sprog:russisk
Udgivet: 2006
Fag:
Format: MixedMaterials Bog
KOHA link:https://koha.lib.tpu.ru/cgi-bin/koha/opac-detail.pl?biblionumber=115468

MARC

LEADER 00000nam2a2200000 4500
001 115468
005 20231031122634.0
035 |a (RuTPU)RU\TPU\book\124883 
090 |a 115468 
100 |a 20070508d2006 k y0rusy50 ca 
101 0 |a rus 
102 |a RU 
105 |a y bl 000zy 
200 0 |a  Ч. 1 
210 |d 2006 
215 |a 520 с. 
330 |a Каталог стандартов ИСО подготовлен на основе информационных ресурсов Федерального информационного фонда технических регламентов и стандартов, комплектование и ведение которого осуществляет Российский научно-технический центр информации по стандартизации, метрологии и оценке соответствия (ФГУП «СТАНДАРТИНФОРМ»). Главной целью издания настоящего Каталога является помощь предприятиям и организациям Российской Федерации и стран-членов Содружества Независимых Государств, заинтересованным в представлении своей продукции на мировом рынке и гармонизации национальной нормативной базы с международными нормами. Каталог стандартов ИСО - это продолжение серии каталогов, выпускаемых ФГУП «СТАНДАРТИНФОРМ», начало которой положил Каталог Директив Европейского Союза. В настоящее время готовятся к изданию Каталог стандартов Международной электротехнической комиссии (МЭК), Каталог стандартов Немецкого института стандартов (ДИН) и другие информационные издания. Издание предназначено для представителей научно-технической общественности, разработчиков проектов технических регламентов и национальных стандартов, специалистов в сфере технического регулирования и метрологии, производителей и потребителей продукции и услуг. 
461 1 |0 (RuTPU)RU\TPU\book\126055  |y 5-7050-0490-7  |t Стандарты Международной организации по стандартизации (ИСО)  |o каталог  |o в 2 ч.  |f Федеральное агентство по техническому регулированию и метрологии; Российский научно-технический центр информации по стандартизации, метрологии и оценке соответствия  |v Ч. 1  |d 2006 
610 1 |a стандартизация 
610 1 |a международные организации 
610 1 |a стандарты 
610 1 |a каталоги 
610 1 |a ИСО 
675 |a 658.516(083.74)  |v 3 
801 1 |a RU  |b 63413507  |c 20070508  |g PSBO 
801 2 |a RU  |b 63413507  |c 20070523  |g PSBO 
942 |c BK